Precariedades del exceso : información y comunicación en salud colectiva /
Na minha lista:
| Autor principal: | |
|---|---|
| Outros Autores: | |
| Formato: | Livro |
| Idioma: | espanhol |
| Publicado em: |
Buenos Aires, Argentina :
Lugar Editorial,
2005, c2005
|
| Colecção: | (Salud Colectiva ;
24) |
| Assuntos: | |
| Tags: |
Sem tags, seja o primeiro a adicionar uma tag!
|
MARC
| LEADER | 00000nam^a2200000^a^4500 | ||
|---|---|---|---|
| 001 | 000194616 | ||
| 005 | 20250521000000.0 | ||
| 009 | 20260310102722.173 | ||
| 020 | |a 950-892-230-3 | ||
| 037 | |a Acervo ITESO - Biblioteca | ||
| 041 | |a ESP | ||
| 082 | |a 614. 00285 |b CAS | ||
| 100 | |a Castiel, Luis David |e (autor) | ||
| 245 | 1 | 0 | |a Precariedades del exceso : |b información y comunicación en salud colectiva / |c L.D. Castiel, P.R. Vasconcellos-Silva. |
| 264 | 4 | |a Buenos Aires, Argentina : |b Lugar Editorial, |c 2005, c2005 | |
| 300 | |a 168 p. | ||
| 336 | |a texto |b txt |2 rdacontenido | ||
| 337 | |a sin mediación |b n |2 rdamedio | ||
| 338 | |a volumen |b nc |2 rdasoporte | ||
| 440 | 1 | |a (Salud Colectiva ; |v 24) | |
| 649 | |a XX | ||
| 650 | |a Internet - |x Aspectos Sociales y Culturales | ||
| 650 | |a Tecnologías de Comunicación e Información - |x Aspectos Sociales y Culturales - |x Tema Principal | ||
| 650 | |a Tecnología y Sociedad | ||
| 650 | |a Salud Pública - |x Aspectos Tecnológicos - |x Tema Principal | ||
| 650 | |a Biotecnología | ||
| 650 | |a Etica Médica | ||
| 650 | |a Medicina - |x Aspectos Tecnológicos | ||
| 650 | |a Sociología de la Medicina | ||
| 700 | |a Vasconcellos-Silva, Paulo Roberto |e (autor) | ||
| 910 | |a Fondo General | ||
| 920 | |a Impresos - Libros | ||
| 930 | |a Colección General | ||
| 905 | |a 101 | ||
| 901 | |a 0500139800 |b IT1 |c ACC |u 20250521 | ||
| 902 | |a https://opac.biblio.iteso.mx/vufind/Record/000194616 | ||